|
|
|
|
| LEADER |
01169nam a2200289 a 4500 |
| 001 |
1354400 |
| 008 |
090519s1980 nyu b 000 0 eng d |
| 010 |
|
|
|a 80016584
|
| 040 |
|
|
|a DLC
|c DLC
|d DLC
|
| 082 |
0 |
0 |
|a 610/.71
|2 19
|
| 100 |
1 |
|
|a Durana, Ines,
|d 1930-
|
| 245 |
1 |
0 |
|a Teaching strategies for primary health care :
|b a syllabus /
|c by Ines Durana, with Huberte Gautreau ... [et al.].
|
| 260 |
|
|
|a New York :
|b Rockefeller Foundation,
|c 1980.
|
| 300 |
|
|
|a 176 p. ;
|c 23 cm.
|
| 504 |
|
|
|a Bibliography: p. [170]-176.
|
| 541 |
1 |
|
|e 00000630
|
| 650 |
|
0 |
|a Physicians' assistants
|x Training of.
|
| 650 |
|
0 |
|a Paramedical education
|z Developing countries.
|
| 650 |
|
0 |
|a Public health
|v Outlines, syllabi, etc.
|
| 650 |
|
0 |
|a Medicine
|v Outlines, syllabi, etc.
|
| 650 |
|
2 |
|a Primary health care.
|
| 650 |
|
2 |
|a Teaching
|x Methods.
|
| 651 |
|
2 |
|a Developing countries.
|
| 700 |
1 |
|
|a Gautreau, Huberte,
|e joint author.
|
| 852 |
4 |
|
|a Ayesha Abed library
|j Generl Shelf
|
| 999 |
|
|
|c 840
|d 840
|
| 952 |
|
|
|0 0
|1 4
|2 ddc
|4 0
|6 610_710000000000000_DUR
|7 0
|9 784
|a BRACUL
|b BRACUL
|c GEN
|d 2009-05-19
|g 0.00
|l 0
|o 610.71 DUR
|p 3010000630
|r 2009-05-19
|t 1
|w 2009-05-19
|y BK
|x No price found in the accession register.
|